¡García! /

Guardado en:
Bibliografiske detaljer
Hovedforfatter: García, Santiago (autor)
Andre forfattere: García, Santiago (ilustración) (ilustración), Bustos, Luis (ilustración) (ilustración)
Format: Bog
Sprog:spansk
Udgivet: Bilbao, España : Astiberri, 2015, c2015
Fag:
Tags: Tilføj Tag
Ingen Tags, Vær først til at tagge denne postø!

MARC

LEADER 00000nam^a2200000^a^4500
001 000368687
005 20250521000000.0
008 150414 20152015
009 20260310115815.293
020 |a 978-84-16251-19-3 
037 |a Acervo ITESO - Biblioteca 
041 |a ESP 
082 |a 808. 83929  |b GAR 
100 |a García, Santiago  |e (autor) 
245 1 0 |a ¡García! /  |c S. García ; il. de S. García, L. Bustos. 
264 4 |a Bilbao, España :  |b Astiberri,  |c 2015, c2015 
300 |a 180 p. 
336 |a texto  |b txt  |2 rdacontenido 
337 |a sin mediación  |b n  |2 rdamedio 
338 |a volumen  |b nc  |2 rdasoporte 
545 0 |a Santiago García Fernández (1968) es un historietista, teórico y traductor de cómic español. Estudió periodismo y luego el doctorado en historia del arte; su tesis la utilizó como base para su libro La novela gráfica (2010), en el que da cuenta de la evolución de la historieta para dar lugar a lo que algunos han considerado el nacimiento de un nuevo arte: la novela gráfica. Comenzó su carrera bajo el seudónimo de Trajano Bermúdez como articulista y traductor para EC Comics y Planeta-DeAgostini, entre otros editores. Su primer libro teórico en este campo fue Mangavisión (1985), pero no se limita a teorizar, sino que también ejecuta, utilizando las estrategias de la literatura posmoderna para ahondar en otres temas como la pintura y la idiosincrasia de los españoles en el caso de la novela gráfica Las meninas (2014); otras de sus obras son: El vecino (2004-2019); Beowulf (2013); ¡García! (2015); ¡García! 2 (2016); Museomaquia (2017); y La cólera (2020). 
649 |a XX 
650 |a Novela Gráfica -  |z España 
650 |a Novela Española 
650 |a Literatura Española -  |y Siglo XXI 
700 |a García, Santiago  |e (ilustración) 
700 |a Bustos, Luis  |e (ilustración) 
910 |a Fondo General 
920 |a Impresos - Libros 
930 |a Colección General 
940 |a Literatura 
905 |a 101 
901 |a 0500262291  |b IT1  |c LIT  |i C149152  |u 20250521 
902 |a https://opac.biblio.iteso.mx/vufind/Record/000368687